000 01388nam a22003617a 4500
003 CHAP
005 20220329143124.0
008 060523d2005 mx abd r 00110 spa d
010 _a92236
011 _a93208
035 _a103780
040 _cCHAP
090 _aTesis
100 1 _aGonzález Costilla, Onésimo.
_948813
245 1 0 _aRelación entre bioclima y vegetación en la Sierra de Catorce y territorios adyacentes (altiplano norte del estado de San Luis Potosí, México)
_c/por Onésimo González Costilla
260 _aMadrid :
_bEl autor,
_c2005
300 _a381 h. :
_bilus. ; gráfs. ; mapas ; cuadros
502 _aTesis (Doctor) -- Universidad Complutense de Madrid. Facultad de Farmacia Departamento de Biología Vegetal II
590 _aALEPH
_b10
_c20130110
_lUCH01
_h1511
590 _aBATCH-UPD
_b10
_c20130110
_lUCH01
_h0803
590 _aBATCH-UPD
_b10
_c20130410
_lUCH01
_h0441
590 _aBATCH-UPD
_b10
_c20130914
_lUCH01
_h0628
590 _aCONVERSION
_b10
_c20130109
_lUCH01
_h1351
650 1 4 _aBioclimatología.
_912719
650 1 4 _aBosques y clima.
_914427
650 1 4 _aBosques
_xSan Luis Potosí.
_914384
650 1 4 _aBotánica forestal.
_914679
650 1 4 _aBotánica
_xSan Luis Potosí.
_914615
901 _aBK
905 _aMarco A. Mendoza T.
942 _cTESIS
949 _aTesis
_bBC
_cTES
_d00000001037801
_eTS1
_gDonaciØn
_h45241
_i103780
_sb
999 _c92236
_d92236